Sports Quiz

Random Sports or Hockey Quiz

Chicago Blackhawks All-Time Leaders Quiz Stats

 Plays Quiz not verified by Sporcle

Support Sporcle.
Go Orange.
Score 0/15 Timer 10:00
0 Plays Today
Record Answer % Correct
AssistsStan Mikita
98.4%
GoalsStan Mikita
98.4%
PointsStan Mikita
98.4%
GoalsBobby Hull
96.8%
PointsBobby Hull
96.8%
AssistsPatrick Kane
94.4%
ShutoutsTony Esposito
92.1%
WinsTony Esposito
92.1%
Record Answer % Correct
WinsCorey Crawford
89.7%
AssistsDenis Savard
81.7%
PointsDenis Savard
81.7%
ShutoutsGlenn Hall
69%
WinsGlenn Hall
69%
GoalsSteve Larmer
62.7%
ShutoutsCharlie Gardiner
19%

You're not logged in!

Compare scores with friends on all Sporcle quizzes.
OR
Log In

From the Vault

Mega-Sorting Gallery: Entertainment

by Chenchilla

It makes for a mega-entertaining quiz, trust us.
Remove Ads.
Support Sporcle.
Get the best of Sporcle when you Go Orange. This ad-free experience offers more features, more stats, and more fun while also helping to support Sporcle. Thank you for becoming a member.

Show Comments

Extras

Top Quizzes Today


Score Distribution

Your Account Isn't Verified!

In order to create a playlist on Sporcle, you need to verify the email address you used during registration. Go to your Sporcle Settings to finish the process.

Report this User

Report this user for behavior that violates our Community Guidelines.

Details: